01014cam a2200277 a 45000010008000000030004000080050017000120080041000290100017000700200033000870380012001200400018001320500024001500820022001741000038001962450075002342600043003093000033003525040051003855630007004366500043004436500044004866500044005308560088005748560074006622578320OSt20211026145156.0960212s1996 nyua b 001 0 eng  a 96010241  a0471594318 (hc : alk. paper) aKhadija aDLCcDLCdDLC00aTK5102.9b.H39 199600a621.3822220bHAY1 aHayes, M. H.q(Monson H.),d1949-10aStatistical digital signal processing and modeling /cMonson H. Hayes. aNew York :bJohn Wiley & Sons,cc1996. axv, 608 p. :bill. ;c26 cm. aIncludes bibliographical references and index. aPB 0aSignal processingxDigital techniques. 0aSignal processingxStatistical methods. 0aSignal processingxMathematical models.423Publisher descriptionuhttp://www.loc.gov/catdir/description/wiley032/96010241.html4 3Table of Contentsuhttp://www.loc.gov/catdir/toc/onix03/96010241.html